[Event "Weggis Seniors op 6th"]
[Site "Weggis"]
[Date "2006.04.??"]
[Round "?"]
[White "Schmitt, Klaus"]
[Black "Faessler, Marie"]
[Result "1-0"]
[WhiteElo "1612"]
[BlackElo "1625"]
[PlyCount "67"]
[EventDate "2006.04.24"]
[EventType "swiss"]
[EventRounds "9"]
[EventCountry "SUI"]
[SourceTitle "EXT 2007"]
[Source "ChessBase"]
[SourceDate "2006.11.23"]
[SourceVersion "1"]
[SourceVersionDate "2006.11.23"]
[SourceQuality "1"]

1. e4 e5 2. Nf3 d6 3. Bc4 Be7 4. d4 exd4 5. Nxd4 Nf6 6. Bd3 0-0 7. 0-0 Nbd7 8. Nc3 Re8 9. Re1 h6 10. f4 Bf8 11. Nf3 a6 12. Be3 Ng4 13. Bd2 Nc5 14. Bf1 Bd7 15. h3 Nf6 16. e5 dxe5 17. Nxe5 Bf5 18. Bc4 Ne6 19. g4 Bh7 20. f5 Bc5+ 21. Kh1 Ng5 22. Bxg5 Qxd1 23. Raxd1 Rxe5 24. Rxe5 Bd6 25. Bxf6 gxf6 26. Red5 Rd8 27. Ne4 Kg7 28. Nxd6 cxd6 29. Rxd6 Rc8 30. Bd3 Rc7 31. Re1 Rc5 32. Re7 Re5 33. Rxe5 fxe5 34. Be4 1-0